<?xml version="1.0" encoding="UTF-8"?><?xml-stylesheet type="text/xsl" href="static/style.xsl"?><OAI-PMH xmlns="http://www.openarchives.org/OAI/2.0/" xmlns:xsi="http://www.w3.org/2001/XMLSchema-instance" xsi:schemaLocation="http://www.openarchives.org/OAI/2.0/ http://www.openarchives.org/OAI/2.0/OAI-PMH.xsd"><responseDate>2026-04-17T06:35:57Z</responseDate><request verb="GetRecord" identifier="oai:www.recercat.cat:11351/10970" metadataPrefix="marc">https://recercat.cat/oai/request</request><GetRecord><record><header><identifier>oai:recercat.cat:11351/10970</identifier><datestamp>2024-06-06T08:39:23Z</datestamp><setSpec>com_2072_378070</setSpec><setSpec>com_2072_378040</setSpec><setSpec>col_2072_378092</setSpec></header><metadata><record xmlns="http://www.loc.gov/MARC21/slim" xmlns:dcterms="http://purl.org/dc/terms/" xmlns:xsi="http://www.w3.org/2001/XMLSchema-instance" xmlns:doc="http://www.lyncode.com/xoai" xsi:schemaLocation="http://www.loc.gov/MARC21/slim http://www.loc.gov/standards/marcxml/schema/MARC21slim.xsd">
   <leader>00925njm 22002777a 4500</leader>
   <datafield ind2=" " ind1=" " tag="042">
      <subfield code="a">dc</subfield>
   </datafield>
   <datafield ind2=" " ind1=" " tag="720">
      <subfield code="a">Cooper, Nichola</subfield>
      <subfield code="e">author</subfield>
   </datafield>
   <datafield ind2=" " ind1=" " tag="720">
      <subfield code="a">Ghanima, Waleed</subfield>
      <subfield code="e">author</subfield>
   </datafield>
   <datafield ind2=" " ind1=" " tag="720">
      <subfield code="a">Vianelli, Nicola</subfield>
      <subfield code="e">author</subfield>
   </datafield>
   <datafield ind2=" " ind1=" " tag="720">
      <subfield code="a">yavasoglu, İrfan</subfield>
      <subfield code="e">author</subfield>
   </datafield>
   <datafield ind2=" " ind1=" " tag="720">
      <subfield code="a">Melikyan, Anait</subfield>
      <subfield code="e">author</subfield>
   </datafield>
   <datafield ind2=" " ind1=" " tag="720">
      <subfield code="a">VALCARCEL, DAVID</subfield>
      <subfield code="e">author</subfield>
   </datafield>
   <datafield ind2=" " ind1=" " tag="260">
      <subfield code="c">2024-02-05T08:07:02Z</subfield>
   </datafield>
   <datafield ind2=" " ind1=" " tag="260">
      <subfield code="c">2024-02-05T08:07:02Z</subfield>
   </datafield>
   <datafield ind2=" " ind1=" " tag="260">
      <subfield code="c">2024-01</subfield>
   </datafield>
   <datafield ind2=" " ind1=" " tag="520">
      <subfield code="a">Immune thrombocytopenia; Relapsed; Steroids</subfield>
   </datafield>
   <datafield ind2=" " ind1=" " tag="520">
      <subfield code="a">Trombocitopenia inmunitaria; Recaídas; Esteroides</subfield>
   </datafield>
   <datafield ind2=" " ind1=" " tag="520">
      <subfield code="a">Trombocitopènia immune; Recaiguda; Esteroides</subfield>
   </datafield>
   <datafield ind2=" " ind1=" " tag="520">
      <subfield code="a">Immune thrombocytopenia (ITP) is characterized by reduced platelet count due to increased destruction and is categorized according to the time following diagnosis (newly diagnosed, persistent, chronic). First-line corticosteroid therapy is associated with transient response, high relapse rates, and considerable toxicity. TAPER (NCT03524612) is a Phase II, prospective, single-arm trial investigating whether eltrombopag can induce a sustained response off-treatment (SRoT) in adult patients with ITP after first-line corticosteroid failure. This study defines SRoT as an off-treatment period wherein platelet count remains above 30 × 109/L in the absence of bleeding or rescue therapy. The primary endpoint was the proportion of patients who achieved SRoT until Month 12, which was 30.5% (n = 32/105; p &lt; .0001 testing hypothesis H1: proportion >15%) following eltrombopag tapering and discontinuation, and median SRoT duration was ~8 months until Month 12. Median platelet count increased within 1 month of treatment and remained elevated until Month 12. Quality of life improved within 3 months and was maintained. Headache (21%) was the most common adverse event. None of the 4 deaths reported were considered treatment-related. In summary, ~one-third of patients achieved SRoT until Month 12 following eltrombopag tapering and discontinuation. An ad-hoc early-use analysis, stratified by ITP duration at baseline, assessed initial hematologic responses and safety. Results suggest that eltrombopag has similar efficacy in newly diagnosed and later stages of ITP. In follow-up until Month 24, a median SRoT duration of ~22 months was observed (n = 20). The safety profile was comparable across analyses and ITP duration groups and aligned with its well-established safety profile.</subfield>
   </datafield>
   <datafield ind2=" " ind1=" " tag="520">
      <subfield code="a">Novartis Pharmaceuticals Corporation.</subfield>
   </datafield>
   <datafield ind1="8" ind2=" " tag="024">
      <subfield code="a">http://hdl.handle.net/11351/10970</subfield>
   </datafield>
   <datafield tag="653" ind2=" " ind1=" ">
      <subfield code="a">Trombocitopènia - Tractament</subfield>
   </datafield>
   <datafield tag="653" ind2=" " ind1=" ">
      <subfield code="a">Avaluació de resultats (Assistència sanitària)</subfield>
   </datafield>
   <datafield tag="653" ind2=" " ind1=" ">
      <subfield code="a">DISEASES::Hemic and Lymphatic Diseases::Hematologic Diseases::Blood Platelet Disorders::Thrombocytopenia</subfield>
   </datafield>
   <datafield tag="653" ind2=" " ind1=" ">
      <subfield code="a">CHEMICALS AND DRUGS::Amino Acids, Peptides, and Proteins::Proteins::Membrane Proteins::Receptors, Cell Surface::Receptors, Immunologic::Receptors, Cytokine::Receptors, Thrombopoietin</subfield>
   </datafield>
   <datafield tag="653" ind2=" " ind1=" ">
      <subfield code="a">Other subheadings::Other subheadings::Other subheadings::/agonists</subfield>
   </datafield>
   <datafield tag="653" ind2=" " ind1=" ">
      <subfield code="a">ANALYTICAL, DIAGNOSTIC AND THERAPEUTIC TECHNIQUES, AND EQUIPMENT::Diagnosis::Prognosis::Treatment Outcome</subfield>
   </datafield>
   <datafield tag="653" ind2=" " ind1=" ">
      <subfield code="a">ENFERMEDADES::enfermedades hematológicas y linfáticas::enfermedades hematológicas::trastornos de las plaquetas sanguíneas::trombocitopenia</subfield>
   </datafield>
   <datafield tag="653" ind2=" " ind1=" ">
      <subfield code="a">COMPUESTOS QUÍMICOS Y DROGAS::aminoácidos, péptidos y proteínas::proteínas::proteínas de membranas::receptores de superficie celular::receptores inmunológicos::receptores de citocinas::receptores de trombopoyetina</subfield>
   </datafield>
   <datafield tag="653" ind2=" " ind1=" ">
      <subfield code="a">Otros calificadores::Otros calificadores::Otros calificadores::/agonistas</subfield>
   </datafield>
   <datafield tag="653" ind2=" " ind1=" ">
      <subfield code="a">TÉCNICAS Y EQUIPOS ANALÍTICOS, DIAGNÓSTICOS Y TERAPÉUTICOS::diagnóstico::pronóstico::resultado del tratamiento</subfield>
   </datafield>
   <datafield ind2="0" ind1="0" tag="245">
      <subfield code="a">Sustained response off-treatment in eltrombopag-treated adult patients with ITP who are refractory or relapsed after first-line steroids: Primary, final, and ad-hoc analyses of the Phase II TAPER trial</subfield>
   </datafield>
</record></metadata></record></GetRecord></OAI-PMH>